000 00426nam a2200157Ia 4500
008 190430s9999 xx 000 0 und d
100 _aMateo, Janvic
245 _aUP among top 100 universities emerging in economies/
245 _cJanvic Mateo
260 _bThe Philippine Star
260 _c2019
300 _aPage 14, January 18
440 _aThe Philippine Star
_v33: 175
650 _aeconomy
650 _aEducation
999 _c361756
_d361756